[Event "XI Anibal Open"]
[Site "Linares ESP"]
[Date "2005.03.04"]
[Round "9"]
[White "Fenollar Jorda,M"]
[Black "Vuilleumier,A"]
[Result "0-1"]
[WhiteElo "2226"]
[BlackElo "2280"]

1.d4 g6 2.e4 Bg7 3.Nc3 c5 4.Nf3 cxd4 5.Nxd4 Nc6 6.Be3 Nf6 7.Bc4 O-O 8.Bb3 a5
9.a4 Ng4 10.Nxc6 Nxe3 11.Nxd8 Nxd1 12.Nxd1 Rxd8 13.c3 b6 14.Ne3 Ba6 15.Bc4 Kf8
16.Bxa6 Rxa6 17.Ke2 Rb8 18.Rhd1 Ke8 19.Rd5 Rc8 20.Rad1 d6 21.Rb5 Rc5 22.Rxc5 bxc5
23.Nc4 Kd7 24.e5 Ke6 25.exd6 exd6 26.Rd3 d5 27.Re3+ Kd7 28.Na3 Re6 29.Kd3 Bh6
30.Rxe6 fxe6 31.b3 Bf4 32.h3 Bb8 33.Nc2 Kd6 34.b4 axb4 35.cxb4 c4+ 36.Kc3 e5
37.f3 Ba7 38.Na3 Bd4+ 39.Kc2 Bf2 40.Kd2 Kc6 41.a5 Kb7 42.Nb5 Bh4 43.Nc3 d4
44.Ne4 Be7 45.Nc5+ Kc6 46.a6 Kb6 47.Nd7+ Kxa6 48.Nxe5 Bxb4+ 49.Kc2 Kb5 50.g4 Bd6
51.Nd7 d3+  0-1

[Event "Acropolis GM Open"]
[Site "Athens GRE"]
[Date "2005.03.06"]
[Round "1"]
[White "Mastrovasilis,D"]
[Black "Delithanasis,D"]
[Result "1-0"]
[WhiteElo "2580"]
[BlackElo "2239"]

1.e4 g6 2.d4 Bg7 3.Nc3 d5 4.exd5 Nf6 5.Bc4 Nbd7 6.Qf3 Nb6 7.Bb3 a5 8.a4 Bg4
9.Qg3 Bf5 10.Nf3 Nbxd5 11.Nxd5 Nxd5 12.O-O c6 13.Re1 O-O 14.Bg5 f6 15.Bd2 Qd6
16.c4 Qxg3 17.hxg3 Nb6 18.Rxe7 Rf7 19.Rae1 Kf8 20.Rxf7+ Kxf7 21.d5 c5 22.Bf4 Bf8
23.Nd2 Bd7 24.Ra1 Re8 25.Bc2 Nc8 26.Kf1 Nd6 27.b3 g5 28.Be3 Nf5 29.Bxf5 Bxf5
30.Ke2 b6 31.Rh1 Bd6 32.Rc1 h5 33.Nf3 g4 34.Ne1 Be4 35.Rd1 Kg6 36.Kf1 Bf5
37.Ke2 Be4 38.Kd2 Bf5 39.Nd3 Bxd3 40.Kxd3 f5 41.Rh1 Re7 42.Bd2 Re4 43.Bc3 Re8
44.Rf1 Re7 45.Be1 Re4 46.f3 Re7 47.Bf2 Re8 48.Re1 Rxe1 49.Bxe1 Kf7 50.Ke2 Ke7
51.Kf2 Be5 52.Bd2 Kd7 53.Bf4 Bb2 54.Ke2 Bd4 55.Bh6 Kd6 56.Be3 Bb2 57.Bf4+ Kd7
58.Kd3 Bd4 59.Bb8 Kc8 60.Bd6 Kd7 61.Bf4 Bb2 62.Bg5 Bd4 63.Bh4 Bb2 64.Ke3 Bc1+
65.Kf2 Bb2 66.Bg5 Bd4+ 67.Ke2 Be5 68.Ke3 Bxg3 69.Bf4 Bh4 70.Bh6 Bg3 71.Bg5 Be5
72.Bh4 Bd6 73.Bf6 Bg3 74.Bg5 Be5 75.Bh6 Bd6 76.Bf4 Be7 77.Be5 Bg5+ 78.Kf2 Bh4+
79.Kg1 Be1 80.Kh2 Bf2 81.Bg3 Bd4 82.Bb8 Kc8 83.Bf4 Bf2 84.Be5 Kd7 85.Bf6 Be1
86.Kg1 Bg3 87.Bg5 Be5 88.Kf2 Bd6 89.Bf6 Bf4 90.Bh4 Bd2 91.fxg4 hxg4 92.Kg3 Be3
93.Bf6 Bd2 94.Kh4 Bf4 95.Bg5 Be5 96.Bd2 Bf6+ 97.Kh5 Bd8 98.Kg6  1-0

[Event "ch-Privolzhsky Region"]
[Site "Ishevsk RUS"]
[Date "2005.03.22"]
[Round "7"]
[White "Derbenev,A"]
[Black "Rodchenkov,V"]
[Result "1/2-1/2"]
[WhiteElo "2313"]
[BlackElo "2196"]

1.d4 g6 2.e4 Bg7 3.Nc3 c5 4.d5 d6 5.Be2 Nf6 6.Nf3 O-O 7.O-O e6 8.Nd2 exd5
9.exd5 a6 10.a4 Nbd7 11.Nc4 Nb6 12.Ne3 Re8 13.a5 Nbd7 14.Nc4 Ne5 15.Nb6 Rb8
16.h3 Ned7 17.Nc4 Ne5 18.Nb6 Qc7 19.Be3 Bf5 20.Qd2 h5 21.Rfe1 Qe7 22.Bg5 Qf8
23.Rab1 Nh7 24.Be3 Re7 25.Nca4 Nf6 26.Nc3 Rbe8 27.Bg5 Rc7 28.Rbc1 Nh7 29.Be3 Qe7
30.Nc4 Nxc4 31.Bxc4 Qh4 32.Bd3 Bxd3 33.Qxd3 Rce7 34.Re2 Qb4 35.Rce1 Qxa5
36.Bf4 Rxe2 37.Rxe2 Rxe2 38.Qxe2 Qa1+ 39.Kh2 Qxb2 40.Qe8+ Bf8 41.Qe3 Qxc2
42.Ne4 Qd1 43.Qg3 Qxd5 44.Nxd6 h4 45.Qxh4 g5 46.Qg3 Bg7 47.Qg4 gxf4 48.Nf5 Qe5
49.Nh6+ Kf8 50.Qc8+ Ke7 51.Qxb7+ Ke6 52.Qxf7+ Kd6 53.Nf5+ Kc6 54.Nxg7 f3+
55.Kg1 Qe1+ 56.Kh2 Qe5+ 57.Kg1 Nf6 58.gxf3 a5 59.Ne6 a4 60.Qe7 a3 61.Nd8+ Kd5
62.Qf7+ Kd6 63.Nb7+ Kc6 64.Nd8+ Kd6  1/2-1/2

[Event "ch-EU"]
[Site "Cork IRL"]
[Date "2005.03.28"]
[Round "7"]
[White "Wilson,A"]
[Black "Schulz,M1"]
[Result "1/2-1/2"]
[WhiteElo "2072"]
[BlackElo "2238"]

1.e4 g6 2.d4 Bg7 3.Nc3 c5 4.Be3 cxd4 5.Bxd4 Nf6 6.e5 Nh5 7.Qd2 d6 8.Bb5+ Nc6
9.Nf3 Bg4 10.Bxc6+ bxc6 11.exd6 Bxf3 12.Bxg7 Nxg7 13.gxf3 Qxd6 14.O-O-O Qxd2+
15.Rxd2 Rd8 16.Rhd1 Rxd2 17.Rxd2 Nf5 18.Ne4 e5 19.Rd3 Ke7 20.Ra3 Ra8 21.Ra5 f6
22.Ra6 Nd4 23.c3 Nxf3 24.Rxc6 f5 25.Nc5 e4 26.b4 Nxh2 27.Kd2 Ng4 28.Ke2 Nf6
29.c4 g5 30.b5 h5 31.Rc7+ Kd6 32.Rc6+ Ke7 33.Rc7+ Ke8 34.Ne6 f4 35.Ng7+ Kf8
36.Ne6+ Kg8 37.Rg7+ Kh8 38.Rxg5 f3+ 39.Ke3 Re8 40.Nd4 Kh7 41.Nf5 Ng4+ 42.Kf4 Nxf2
43.Rxh5+ Kg8 44.Nh6+ Kf8 45.Nf5 Nd3+ 46.Ke3 Re6 47.Nd4 Rf6 48.Rf5 Rxf5 49.Nxf5 f2
50.Ng3 Nb2 51.c5 Na4 52.b6 axb6 53.cxb6 Nxb6  1/2-1/2

[Event "7th Open"]
[Site "Dubai UAE"]
[Date "2005.04.04"]
[Round "1"]
[White "Bengafer,M"]
[Black "Minasian,Art"]
[Result "0-1"]
[WhiteElo "2296"]
[BlackElo "2597"]

1.e4 g6 2.d4 Bg7 3.Nc3 a6 4.a4 d6 5.Be3 Nc6 6.Bc4 Nf6 7.f3 e6 8.Nge2 d5 9.Bb3 dxe4
10.Nxe4 Nd5 11.Bg5 f6 12.Bd2 Qe7 13.O-O f5 14.Bg5 Qf7 15.c4 Ndb4 16.d5 exd5
17.cxd5 Na5 18.Bd2 Nxb3 19.Qxb3 a5 20.Bxb4 axb4 21.Ng5 Qe7 22.f4 h6 23.d6 Qf6
24.Nf3 Qxd6 25.Rad1 Be6 26.Qe3 Qe7 27.Ned4 Bd5 28.Qxe7+ Kxe7 29.Nxf5+ gxf5
30.Rxd5 Bxb2 31.Rxf5 Rxa4 32.Re1+ Kd8 33.g4 Kc8 34.Re4 Bc3 35.Rc5 Ra2 36.Kf1 b6
37.Rc6 Rd8 38.Re2 Rxe2 39.Kxe2 Kb7 40.Rxc3 bxc3 41.Ne1  0-1

[Event "7th Rector Cup w"]
[Site "Kharkiv UKR"]
[Date "2005.04.22"]
[Round "3"]
[White "Karlovich,A"]
[Black "Vozovic,O"]
[Result "1/2-1/2"]
[WhiteElo "2225"]
[BlackElo "2288"]

1.e4 g6 2.d4 Bg7 3.Nc3 d5 4.exd5 Nf6 5.Nf3 a6 6.Ne5 O-O 7.Be2 Nxd5 8.Nxd5 Qxd5
9.Bf3 Qa5+ 10.Bd2 Qb6 11.Bc3 Nd7 12.O-O  1/2-1/2

[Event "ch-FRA National 1"]
[Site "Lille FRA"]
[Date "2005.05.07"]
[Round "10"]
[White "Sermier,G"]
[Black "Calas,B"]
[Result "1-0"]
[WhiteElo "2373"]
[BlackElo "2134"]

1.e4 g6 2.d4 Bg7 3.Nc3 c5 4.dxc5 Qa5 5.Bd2 Qxc5 6.Nd5 Na6 7.Bc3 Kf8 8.Nf3 e6
9.Bxg7+ Kxg7 10.Nc3 Nf6 11.Qd4 d5 12.exd5 Qxd4 13.Nxd4 exd5 14.Bxa6 bxa6
15.f3 h5 16.h4 Rb8 17.O-O-O Be6 18.Rhe1 Rb6 19.Na4 Rd6 20.Nc5 Bc8 21.Re3 Nd7
22.Nxd7 Rxd7 23.Rde1 Kf6 24.Re8 Rd8 25.Rxh8 Rxh8 26.Kd2 Be6 27.Re3 Rb8 28.Rb3 Rb6
29.Ke3 Ke5 30.g3 Bd7 31.a3 Ba4 32.Rb4 Bd7 33.Nb3 Bf5 34.Nd4 Bd7 35.b3 Be6
36.Ra4 Bh3 37.Ra5 Kd6 38.b4 Bd7 39.c3 Be6 40.Rc5 Bd7 41.Ne2 Rb5 42.Rxb5 axb5
43.Kd4 Bh3 44.Nf4 Be6 45.Ng2 f5 46.Nf4 Bf7 47.Nd3 Be8 48.Ke3 Ke6 49.Nf4+ Kd6
50.Ne2 Ke5 51.f4+ Kd6 52.Kd4 Bf7 53.Ng1 Be8 54.Nf3 Bf7 55.Ne5 Be8 56.Ke3 Ke6
57.Kd3 Ke7 58.Nf3 Bf7 59.Ke3 Be8 60.Kd4 Kd6 61.Ne5 a6 62.Ke3 Ke7 63.Kd3 Ke6
64.Nf3 Kd6 65.Ng5 Ke7 66.Ke3 Kd7 67.Nf3 Kd6 68.Ne5 Ke6 69.Nd3 Bf7 70.Nc5+ Kd6
71.Nxa6 Be8 72.Kd4 Bc6 73.Nc5 Be8 74.Nd3 Bf7 75.Ke3 Be8 76.Ne5 Ke7 77.Kd3 Ke6
78.Nf3 Kd6 79.Nd4 Bc6 80.Nb3 Bd7 81.Nc5 Be8 82.Kc2 Bc6 83.Kb3 Be8 84.a4 bxa4+
85.Nxa4 d4 86.c4 Bc6 87.Nc5 Be4 88.Kb2 Ke7 89.Nb3 Bd3 90.c5 Ke6 91.Nxd4+ Kd5
92.Kc3 Bf1 93.c6 Kd6 94.b5 Kc7 95.Kb4 Kb6 96.c7 Kxc7 97.Kc5 Bg2 98.Ne6+ Kd7
99.Nf8+ Kc7 100.Nxg6 Bf3 101.Ne7 Be4 102.Nd5+ Kb8 103.Kd6 Kc8 104.Ke5 Kb7
105.Ne7 Bd3 106.Nxf5 Kc7 107.Nd4 Bc4 108.f5 Kd7 109.b6 Ba6 110.f6 Ke8 111.Ne6 Kf7
112.b7  1-0

[Event "HB Global CC"]
[Site "Minneapolis USA"]
[Date "2005.05.18"]
[Round "1"]
[White "Khachiyan,M"]
[Black "Schiller,E"]
[Result "1-0"]
[WhiteElo "2473"]
[BlackElo "2210"]

1.e4 g6 2.d4 Bg7 3.Nc3 c5 4.Be3 Qa5 5.Ne2 Nf6 6.f3 d6 7.Qd2 O-O 8.d5 b5 9.Bh6 b4
10.Nd1 Nbd7 11.Bxg7 Kxg7 12.Ne3 Ne5 13.Nf4 Bd7 14.Nd3 Nxd3+ 15.Bxd3 Bb5 16.b3 Qb6
17.Bxb5 Qxb5 18.a4 Qa6 19.h4 h5 20.O-O-O Rh8 21.Kb2 Rac8 22.Nc4 Nd7 23.f4 Nb6
24.Nxb6 Qxb6 25.Qe3 Qa6 26.e5 c4 27.exd6 Qxd6 28.Rhe1 cxb3 29.cxb3 Rc7 30.Qe5+ Qxe5+
31.fxe5 Rd8 32.Re4 a5 33.Rc4 Ra7 34.Rc5 Kf8 35.Kc2 Rdd7 36.Rd4 f6 37.e6 Rdc7
38.Rdc4 Rxc5 39.Rxc5 g5 40.hxg5 fxg5 41.Kd3 Kg7 42.Ke4 Kf6 43.Rc8 h4 44.Rf8+ Kg6
45.Ke5 Rc7 46.d6 exd6+ 47.Kxd6 Kg7 48.Kxc7 Kxf8 49.Kd7  1-0

[Event "TCh-ROM A"]
[Site "Tusnad ROM"]
[Date "2005.05.29"]
[Round "9"]
[White "Baklan,V"]
[Black "Ceteras,M"]
[Result "1-0"]
[WhiteElo "2584"]
[BlackElo "2426"]

1.e4 g6 2.d4 Bg7 3.Nc3 c5 4.dxc5 Qa5 5.Bd2 Qxc5 6.Nd5 Na6 7.Nf3 e6 8.Bc3 Kf8
9.Bxg7+ Kxg7 10.Nc3 Nf6 11.Qd4 Qxd4 12.Nxd4 d6 13.Ndb5 Rd8 14.O-O-O Ne8 15.h4 e5
16.Bc4 Nc5 17.a4 a6 18.Na3 b6 19.f3 Bd7 20.b3 Rdc8 21.Kb2 Rab8 22.Be2 Rc7
23.Rd2 Rcb7 24.Nc4 b5 25.axb5 Bxb5 26.Nxb5 axb5 27.Nxd6 Nxd6 28.Rxd6 Ne6
29.Ra1 Nd4 30.Bd3 b4 31.Ra5 Re7 32.f4 f6 33.Bc4 Rbb7 34.Ra8 Nb5 35.Rg8+ Kh6
36.Bxb5 Rxb5 37.Rxf6 Rc5 38.Rd8 Kh5 39.Rd5 Rc8 40.Rxe5+ Rxe5 41.fxe5 Kxh4
42.e6 Rc5 43.e7 Re5 44.Rf7 h5 45.c4  1-0

[Event "III Open"]
[Site "Bajada de la Virgen ESP"]
[Date "2005.06.14"]
[Round "3"]
[White "Kogan,Ar"]
[Black "Trujillo Delgado,D"]
[Result "1-0"]
[WhiteElo "2592"]
[BlackElo "2192"]

1.d4 g6 2.e4 Bg7 3.Nc3 c5 4.d5 d6 5.Bb5+ Bd7 6.a4 Nf6 7.Nf3 O-O 8.O-O Bg4
9.h3 Bxf3 10.Qxf3 Nbd7 11.Bf4 a6 12.Be2 Rb8 13.Qe3 Ne8 14.Bh6 Nc7 15.Bxg7 Kxg7
16.a5 b5 17.axb6 Rxb6 18.b3 Nb5 19.Nxb5 axb5 20.Ra7 Nf6 21.f4 Re8 22.Bf3 Qb8
23.Rfa1 Rb7 24.Rxb7 Qxb7 25.e5 dxe5 26.fxe5 Nd7 27.e6 Nf6 28.Qxc5 fxe6 29.Ra7 Qb8
30.Rxe7+ Kg8 31.dxe6 Qf4 32.Rxe8+ Nxe8 33.Qxb5 Nd6 34.Qd5 Kf8 35.c4 Nf5 36.Qe4 Qd6
37.Qa8+ Kg7 38.Qa7+ Kh6 39.Bg4 Qxe6 40.Qf2 Qe4 41.Bxf5 gxf5 42.Qd2+ Kh5 43.Kf2 Qh4+
44.Kf1 Qg3 45.b4 Qb3 46.c5 Kh4 47.Qf4+  1-0

[Event "6th EICC"]
[Site "Warsaw POL"]
[Date "2005.06.23"]
[Round "6"]
[White "Cao Sang"]
[Black "Minasian,Art"]
[Result "1-0"]
[WhiteElo "2488"]
[BlackElo "2597"]

1.d4 g6 2.e4 Bg7 3.Nc3 a6 4.a4 d6 5.Be3 Nf6 6.f3 O-O 7.Nge2 Nc6 8.Qd2 e5
9.d5 Ne7 10.a5 Ne8 11.g4 f5 12.h3 Bf6 13.O-O-O f4 14.Bf2 h6 15.h4 Bg7 16.Kb1 Bd7
17.Nc1 Nc8 18.Bc4 Kh7 19.Nd3 Na7 20.Ba2 Nc8 21.Bb3 Ne7 22.Na4 Nc8 23.Nb4 Rf7
24.c4 Bf8 25.Rc1 Rg7 26.Rc2 c5 27.dxc6 bxc6 28.Nb6 Nxb6 29.Bxb6 Qb8 30.c5 dxc5
31.Nd3 Nd6 32.Nxc5 Bc8 33.h5 g5 34.Rd1 Nb5 35.Ne6 Bxe6 36.Bxe6 Qb7 37.Qd3 Re8
38.Bd7 Rb8 39.Bxc6 Qe7 40.Bxb5 axb5 41.Qxb5 Rf7 42.Rcd2  1-0

[Event "ITT Cinco Soles"]
[Site "Pinamar ARG"]
[Date "2005.06.24"]
[Round "3"]
[White "Cornejo,M"]
[Black "Fernandez,D USA"]
[Result "1/2-1/2"]
[WhiteElo "2229"]
[BlackElo "2406"]

1.e4 g6 2.d4 Bg7 3.Nc3 c5 4.d5 a6 5.a4 d6 6.h3 Nf6 7.Nf3 O-O 8.Be2 Qa5 9.Nd2 Nbd7
10.O-O Rb8 11.Re1 Ne8 12.Ra3 Qd8 13.a5 Nc7 14.Rb3 b5 15.axb6 Rxb6 16.Rxb6 Nxb6
17.Nc4 Nb5 18.Nxb5 axb5 19.Nxb6 Qxb6 20.Bd2 Bd7 21.Bc3 Bxc3 22.bxc3 Qa5 23.Qd2 Ra8
24.Bf3 f6 25.Bg4 Bxg4 26.hxg4 Qa2 27.g3 Qb2 28.g5 Ra3 29.gxf6 exf6 30.e5 fxe5
31.Qg5 Ra8 32.Qe7 Rf8 33.Qxd6 Qxc3 34.Qe6+ Kg7 35.Qxe5+ Qxe5 36.Rxe5 Rf5
37.Re7+ Kf6 38.d6 Rd5 39.Rxh7 Rxd6 40.Rb7 b4 41.Rc7 Rd5 42.Kf1 Ke5 43.Ke2 Kd4
44.Kd2 Kc4+ 45.Kc1 Rf5 46.f4 g5 47.Rg7 gxf4 48.Rg4 Kd5 49.gxf4 c4 50.Kb2 Kd4
51.Rg5 Rxf4 52.Rb5 b3 53.cxb3 c3+ 54.Kc2 Rf2+ 55.Kc1 Rf1+ 56.Kc2  1/2-1/2

[Event "Torch Real Estate Cup"]
[Site "Xiapu CHN"]
[Date "2005.06.24"]
[Round "17"]
[White "Gong Qianyun"]
[Black "Sun Yinan"]
[Result "1-0"]
[WhiteElo "2350"]
[BlackElo "2171"]

1.e4 g6 2.d4 Bg7 3.Nc3 d5 4.e5 c5 5.f4 cxd4 6.Qxd4 e6 7.Nb5 Nc6 8.Qf2 Nge7
9.Nd6+ Kf8 10.Nf3 Nf5 11.Nxf5 exf5 12.Be3 Qa5+ 13.c3 Be6 14.Be2 f6 15.b4 Qc7
16.Bc5+ Kf7 17.Bd6 Qc8 18.O-O Rd8 19.Rac1 Kg8 20.a4 Qd7 21.a5 Qf7 22.a6 b6
23.Bb5 Ne7 24.exf6 Bxf6 25.Be5 Bd7 26.Bd3 Nc6 27.Bxf6 Qxf6 28.Qa2 Be6 29.Rfe1 Bf7
30.Bb5 Rac8 31.Qa4 d4 32.Bxc6 Rxc6 33.Nxd4 Rc4 34.Qd1 b5 35.Qe2 Qxa6 36.Qe5 Rd5
37.Qe7 Qc8 38.Nf3 Rc7 39.Qe3 Qd8 40.Ne5 Rd2 41.Ra1 Qd5 42.Re2 Rxe2 43.Qxe2 Rxc3
44.Rd1 Qb7 45.Rd8+ Kg7 46.Rd1 Qb6+ 47.Kh1 Rc7 48.Nd7 Qc6 49.Qe5+ Kh6 50.Qe7 Qe6
51.Qf8+ Kh5 52.Qd8  1-0

[Event "6th EICC"]
[Site "Warsaw POL"]
[Date "2005.06.26"]
[Round "8"]
[White "Heberla,B"]
[Black "Minasian,Art"]
[Result "0-1"]
[WhiteElo "2454"]
[BlackElo "2597"]

1.e4 g6 2.d4 Bg7 3.Nc3 a6 4.f4 b5 5.Nf3 Bb7 6.Bd3 d6 7.O-O Nd7 8.e5 c5 9.Be4 Bxe4
10.Nxe4 cxd4 11.exd6 Qb6 12.f5 gxf5 13.Ng3 e6 14.Qe1 Kf8 15.Nh5 Ngf6 16.Nxg7 Kxg7
17.Qh4 Rhg8 18.Ne5 h5 19.Qg5+ Kf8 20.Nxd7+ Nxd7 21.Qe7+ Kg7 22.Qg5+ Kf8 23.Qe7+ Kg7
24.Qxd7 Ra7  0-1

[Event "6th EICC"]
[Site "Warsaw POL"]
[Date "2005.06.28"]
[Round "10"]
[White "Neubauer,M"]
[Black "Rutkowski,M"]
[Result "1-0"]
[WhiteElo "2457"]
[BlackElo "2346"]

1.e4 g6 2.d4 Bg7 3.Nc3 c5 4.d5 d6 5.Nf3 Nf6 6.Be2 O-O 7.O-O Bg4 8.Nd2 Bxe2
9.Qxe2 Na6 10.Nc4 Nd7 11.Bf4 Ne5 12.Nxe5 Bxe5 13.Bxe5 dxe5 14.Rad1 Qa5 15.f4 exf4
16.Rxf4 Qb4 17.Qd2 Rad8 18.e5 c4 19.Rh4 f6 20.e6 g5 21.Rd4 Nc7 22.b3 b5 23.bxc4 bxc4
24.Ne4 Qb6 25.Kh1 h6 26.h4 Nb5 27.Rxc4 Nd6 28.Nxd6 Qxd6 29.Qb4 Kg7 30.Qxd6 Rxd6
31.Rc7 Rfd8 32.Rxe7+  1-0

[Event "4th Open"]
[Site "La Fere FRA"]
[Date "2005.07.04"]
[Round "3"]
[White "Zozulia,A"]
[Black "Shirazi,K"]
[Result "1-0"]
[WhiteElo "2314"]
[BlackElo "2410"]

1.e4 g6 2.d4 Bg7 3.Nc3 a6 4.Be3 b5 5.Bd3 Bb7 6.Qd2 f5 7.f3 e6 8.O-O-O Nc6
9.Be2 Qe7 10.Nh3 b4 11.Na4 fxe4 12.fxe4 e5 13.dxe5 Nxe5 14.Nc5 Bc6 15.Nxa6 Rxa6
16.Bxa6 Nf6 17.Nf2 O-O 18.Qe2 Qe6 19.Rd4 Qxa2 20.Bc4+ Nxc4 21.Qxc4+ Qxc4
22.Rxc4 b3 23.cxb3 Bh8 24.Kc2 Re8 25.Re1 Nxe4 26.Bf4 Nd6 27.Rxe8+ Nxe8 28.g3 Bd5
29.Ra4 Kf7 30.Nd3 d6 31.Be3 Ke7 32.b4 Bc6 33.Ra5 Kd7 34.b5 Be4 35.Ra3 Kc8
36.b6 Bb7 37.Nf4 Be5 38.Ne6 c5 39.Kc1 Nf6 40.Nd8 Be4  1-0

[Event "DMP 1st League"]
[Site "Koszalin POL"]
[Date "2005.07.07"]
[Round "3"]
[White "Mazurkiewicz,M"]
[Black "Rutkowski,M"]
[Result "1-0"]
[WhiteElo "2124"]
[BlackElo "2358"]

1.e4 g6 2.d4 Bg7 3.Nc3 c5 4.dxc5 Bxc3+ 5.bxc3 Qa5 6.Bd2 Qxc5 7.Bd3 d6 8.Nf3 Nf6
9.O-O Nc6 10.Rb1 a6 11.h3 b5 12.a4 bxa4 13.Ra1 a3 14.Qc1 O-O 15.Rxa3 Ne5
16.Nxe5 dxe5 17.Be3 Qc6 18.f3 Be6 19.Ra5 Qxc3 20.Qa1 Rfc8 21.Qxc3 Rxc3 22.Rfa1 Nd7
23.Rxa6 Rxa6 24.Rxa6 Kg7 25.Ra7 f6 26.Bd2 Rc8 27.Bb5 Nf8 28.Rxe7+ Bf7 29.Ba4 Ne6
30.Bb3 Nd8 31.Ba5 Kf8 32.Bb4 Kg7 33.Bd5 f5 34.Rd7 Kg8 35.c4 fxe4 36.fxe4 Ne6
37.c5 Rb8 38.Bd2 Kf8 39.c6 Ke8 40.Kh2 Rd8 41.Rb7 Rc8 42.Bb4 Rc7 43.Bxe6  1-0

[Event "7th Festival IM"]
[Site "Saint Lo FRA"]
[Date "2005.07.13"]
[Round "6"]
[White "Vepkhvishvili,V"]
[Black "Poley,V"]
[Result "1-0"]
[WhiteElo "2401"]
[BlackElo "2397"]

1.d4 g6 2.e4 Bg7 3.Nc3 d5 4.exd5 Nf6 5.Bb5+ Bd7 6.Be2 O-O 7.Bf3 Bc8 8.Nge2 Nbd7
9.O-O Rb8 10.a4 a6 11.Nf4 Nb6 12.a5 Nc4 13.b3 Nd6 14.Ba3 b6 15.axb6 cxb6
16.Nd3 Bb7 17.Re1 Rc8 18.Bb2 Qc7 19.Nb4 a5 20.Nc6 Rfe8 21.Re5 Ra8 22.Qe2 Nf5
23.Nb5 Qd7 24.c4 Nh4 25.Re1 Nxf3+ 26.Qxf3 Bf8 27.Ba3 a4 28.Nxe7+ Kg7 29.h3 Ng8
30.Nxg8 Kxg8 31.Bxf8 Kxf8 32.bxa4 Rxe5 33.dxe5 Rxa4 34.e6 Qe7 35.Nd6 f5 36.Nxb7 Qxb7
37.e7+ Ke8 38.Qc3 Ra8 39.Qh8+ Kd7 40.e8=Q+  1-0

[Event "inAUTOmarket Open"]
[Site "Minsk BLR"]
[Date "2005.07.17"]
[Round "8"]
[White "Ostrovskiy,A"]
[Black "Balashov,Y"]
[Result "1-0"]
[WhiteElo "2345"]
[BlackElo "2469"]

1.e4 g6 2.d4 Bg7 3.Nc3 a6 4.a4 d6 5.Nf3 Bg4 6.Be2 Nc6 7.Be3 e5 8.d5 Nce7
9.O-O Nf6 10.h3 Bxf3 11.Bxf3 O-O 12.Be2 Nd7 13.a5 f5 14.f3 Nf6 15.g4 c6 16.Bc4 Kh8
17.Qd2 Rc8 18.dxc6 Rxc6 19.Bb3 Qc7 20.Bb6 Rxb6 21.axb6 Qxb6+ 22.Kg2 Ne8 23.Rad1 Nc6
24.Nd5 Qd8 25.c3 Qd7 26.Bc2 f4 27.b4 Bf6 28.Nxf6 Rxf6 29.Bb3 g5 30.Rh1 Rh6
31.Qd5 Ne7 32.Qxe5+ Rf6 33.h4 Qc7 34.Qd4 Nc6 35.Qc4  1-0

[Event "ACT Open"]
[Site "Amsterdam NED"]
[Date "2005.07.19"]
[Round "4"]
[White "Koehler,A"]
[Black "Van den Berg,Ad"]
[Result "1/2-1/2"]
[WhiteElo "1886"]
[BlackElo "2298"]

1.d4 g6 2.e4 Bg7 3.Nc3 c5 4.d5 d6 5.f3 Nf6 6.Bb5+ Nbd7 7.Nh3 a6 8.Bxd7+ Bxd7
9.Nf2 b5 10.g4 b4 11.Ne2 Bb5 12.a4 Bxe2 13.Qxe2 h5 14.g5 Nd7 15.f4 O-O 16.O-O a5
17.Rb1 Qc8 18.b3 Qa6 19.Qf3 c4 20.Qh3 Nc5 21.Be3 Qc8 22.Bxc5 Qxc5 23.Rbd1 Ra7
24.Kg2 Qc8 25.Qe3 Rc7 26.Rfe1 cxb3 27.cxb3 Rc3 28.Rd3 Rc2 29.Re2 Rxe2 30.Qxe2 Qc1
31.Qd2 Rc8 32.Qxc1 Rxc1 33.Nd1 Rb1 34.Ne3 Bc3 35.Nc4 Rxb3 36.e5 Kf8 37.exd6 exd6
38.Nxd6 Rb2+ 39.Kh3 Rd2 40.Re3 Rxd5 41.Re8+ Kg7 42.Rd8 Rd3+ 43.Kg2 Rd2+ 44.Kf3 b3
45.Ne8+ Kf8 46.Rb8 Ke7 47.Rxb3 Rxh2 48.Nc7 Bb4 49.Nd5+ Ke6 50.Kg3 Ra2 51.Nxb4 axb4
52.Rxb4 Ra3+ 53.Kh4  1/2-1/2

[Event "Open A"]
[Site "Pardubice CZE"]
[Date "2005.07.25"]
[Round "4"]
[White "Nazarenus,M"]
[Black "Skalski,M"]
[Result "1/2-1/2"]
[WhiteElo "2185"]
[BlackElo "2334"]

1.d4 g6 2.e4 Bg7 3.Nc3 c5 4.d5 d6 5.h3 Nf6 6.Nf3 O-O 7.Be2 Na6 8.O-O Nc7
9.a4 e6 10.dxe6 Nxe6 11.Be3 b6 12.Qd3 Bb7 13.Rfd1 Re8 14.a5 Nd4 15.Nxd4 cxd4
16.Bxd4 Nxe4 17.Bxg7 Kxg7 18.Bf3 Nc5 19.Qd4+ Qf6 20.Qxf6+ Kxf6 21.axb6 Bxf3
22.gxf3 axb6 23.Rxd6+ Ne6 24.Rxa8 Rxa8 25.Rxb6 Ra1+ 26.Kg2 Kg5 27.Ne4+ Kf4
28.Rb4 Ke5 29.Rb5+ Kd4 30.c3+ Kc4 31.Nd6+ Kd3 32.Nxf7 Nf4+ 33.Kg3 Nh5+ 34.Kh4 Rf1
35.Ne5+ Ke2 36.Ng4 Kxf3 37.Re5 Ng7 38.Kg5 Nf5 39.Kf6 Rh1 40.Ne3 Nd6 41.c4 Ne4+
42.Kg7 Nxf2 43.Kxh7 Rxh3+ 44.Kg7 Kf4 45.Re8 Rxe3 46.Rxe3 Kxe3 47.Kxg6  1/2-1/2

[Event "Open A"]
[Site "Pardubice CZE"]
[Date "2005.07.26"]
[Round "5"]
[White "Chulivska,V"]
[Black "Korotkjevich,S"]
[Result "1-0"]
[WhiteElo "2232"]
[BlackElo "2349"]

1.e4 g6 2.d4 Bg7 3.Nc3 a6 4.Be3 d6 5.Qd2 b5 6.h4 Bb7 7.f3 h6 8.a4 c6 9.Bd3 Nd7
10.Nge2 e6 11.Nd1 Ne7 12.Nf2 Nb6 13.a5 Nd7 14.c3 c5 15.b4 Rc8 16.Ng4 h5 17.Nf2 cxd4
18.cxd4 Nb8 19.Rb1 Nbc6 20.Nh3 d5 21.e5 Nf5 22.Bxf5 exf5 23.Bg5 Qd7 24.Nhf4 Nd8
25.O-O Rc4 26.Rfd1 O-O 27.Nc1 Qc6 28.Nb3 Rc2 29.Qe1 Re8 30.Qg3 Ne6 31.Nxe6 Rxe6
32.Nc5 Re8 33.Qf4 Kh7 34.g4 fxg4 35.fxg4 Rxe5 36.Rbc1 Rxc1 37.Rxc1 Re2 38.Nxb7 Qe6
39.Nc5 Re1+ 40.Rxe1 Qxe1+ 41.Kg2 Qxb4 42.gxh5 gxh5 43.Qf5+ Kg8 44.Bf6 Qd2+
45.Kf3 Qd1+ 46.Kf4 Qe1 47.Qg5 Qd2+ 48.Kf5 Qxg5+ 49.Kxg5 b4 50.Bxg7 Kxg7 51.Kxh5 Kf6
52.Kg4 Kg6 53.h5+ Kh6 54.Kf5  1-0

[Event "Open A"]
[Site "Pardubice CZE"]
[Date "2005.07.27"]
[Round "6"]
[White "Can,E"]
[Black "Ananchenko,I"]
[Result "1/2-1/2"]
[WhiteElo "2195"]
[BlackElo "2274"]

1.e4 g6 2.d4 Bg7 3.Nc3 c5 4.d5 d6 5.Be2 Nf6 6.Nf3 O-O 7.O-O Na6 8.Bf4 Nc7
9.a4 Rb8 10.Qd2 a6 11.a5 b5 12.axb6 Rxb6 13.Ra2 Rb4 14.e5 Nfxd5 15.Nxd5 Nxd5
16.Bg3 dxe5 17.Rd1 e4 18.Ne5 Rd4 19.Qe1 Rxd1 20.Qxd1 Nb4 21.Qxd8 Rxd8 22.Ra5 Nxc2
23.Nc6 Re8 24.Rxc5 Nd4 25.Nxe7+ Kh8 26.Bf1 Bg4 27.Nd5 Ne2+ 28.Bxe2 Bxe2 29.b4 Rd8
30.Bh4 f6 31.h3 g5 32.Bg3 f5 33.Bc7 Rd7 34.Ne3 Bd4 35.Be5+ Bxe5 36.Rxe5 f4
37.Nf5 Kg8 38.Rxe4 Bd3 39.Re5 Kf7 40.Nh6+ Kg7 41.Ng4 h6 42.Re6 Rb7 43.Ne5 Bb5
44.Rg6+ Kh7 45.Rd6 Be2 46.Rd2 Bb5 47.Rd6 Be2 48.Rd2 Bh5 49.Rd6 Re7 50.Ng4 Bxg4
51.hxg4 Re1+ 52.Kh2 Ra1 53.Rd7+ Kg6 54.Rd6+ Kg7 55.Rd7+ Kg8 56.Ra7 Ra4 57.Rb7 Kf8
58.Rb6 Kg7 59.b5 axb5 60.Rxb5 Ra2  1/2-1/2

[Event "MTO Open"]
[Site "Biel SUI"]
[Date "2005.07.29"]
[Round "11"]
[White "Pg,Mohd Omar Ak Hirawan"]
[Black "Heedt,T"]
[Result "0-1"]
[WhiteElo "2364"]
[BlackElo "2175"]

1.e4 g6 2.d4 Bg7 3.Nc3 a6 4.f4 b5 5.Nf3 d6 6.Bd3 Bb7 7.O-O Nf6 8.e5 Nd5 9.e6 fxe6
10.Ng5 Bxd4+ 11.Kh1 Bf6 12.Nxh7 Nxc3 13.bxc3 Kd7 14.Ng5 Qg8 15.Ne4 Kc8 16.Rb1 Nd7
17.a4 Nc5 18.Qe1 Nxa4 19.Nxf6 exf6 20.Kg1 Nc5 21.c4 Nxd3 22.cxd3 Kd7 23.Qe2 Qh7
24.h3 Qh5 25.Qf2 Bc6 26.Bb2 bxc4 27.Bxf6 Rhf8 28.Bg5 e5 29.Qe3 Rae8 30.g4 Qh7
31.h4 exf4 32.Qa7 Re2 33.Rf2 Rfe8 34.Rb6 Ra8  0-1

[Event "XV Open"]
[Site "La Pobla de Lillet ESP"]
[Date "2005.08.02"]
[Round "1"]
[White "Moskalenko,V"]
[Black "Massoni,M"]
[Result "1-0"]
[WhiteElo "2534"]
[BlackElo "2003"]

1.d4 g6 2.e4 Bg7 3.Nc3 c5 4.d5 d6 5.Nf3 Bg4 6.Be2 Bxf3 7.Bxf3 Nd7 8.g4 Qa5
9.Bd2 b5 10.a3 a6 11.h4 Qc7 12.h5 gxh5 13.g5 h6 14.Bxh5 hxg5 15.Bxf7+ Kxf7
16.Rxh8 Bxh8 17.Qh5+ Kg7 18.Qxg5+ Kf8 19.Ne2 Ne5 20.O-O-O Bf6 21.Qh5 e6 22.dxe6 Bg7
23.Nf4 Nf6 24.Qf5 Ke8 25.Bc3 Rd8 26.Bxe5 dxe5 27.Qg6+  1-0

[Event "ch-POR"]
[Site "Vila Real POR"]
[Date "2005.08.03"]
[Round "1"]
[White "Fernandes,An"]
[Black "Pinheiro,J"]
[Result "1-0"]
[WhiteElo "2444"]
[BlackElo "2362"]

1.e4 g6 2.d4 Bg7 3.Nc3 a6 4.Bc4 d6 5.Nf3 Nf6 6.e5 dxe5 7.Nxe5 O-O 8.O-O Nbd7
9.Bg5 Nb6 10.Bb3 Nbd5 11.Re1 Bf5 12.Qf3 Nb4 13.Re2 Qxd4 14.Rd1 Qb6 15.Nxf7 Rxf7
16.Rxe7 Rf8 17.Bxf6 Bxf6 18.Rxf7 Rxf7 19.g4 Bxc2 20.Bxf7+ Kxf7  1-0

[Event "American Continental"]
[Site "Buenos Aires ARG"]
[Date "2005.08.10"]
[Round "5"]
[White "Bustamante,O"]
[Black "Minaya,J"]
[Result "0-1"]
[WhiteElo "2141"]
[BlackElo "2255"]

1.d4 g6 2.e4 Bg7 3.Nc3 c5 4.dxc5 Qa5 5.Ne2 Nf6 6.e5 Ng4 7.f4 Qxc5 8.Qd4 Qa5
9.Bd2 Nc6 10.Nd5 Qd8 11.Qc4 d6 12.h3 Nh6 13.Bc3 O-O 14.O-O-O dxe5 15.Nf6+ exf6
16.Rxd8 Rxd8 17.g4 Be6 18.Qb5 Bd5 19.Rg1 Rd7 20.Bg2 Bxg2 21.Rxg2 Rad8 22.b3 Kh8
23.Ng3 exf4 24.Ne4 Ng8 25.Rd2 f3 26.Rxd7 Rxd7 27.g5 fxg5 28.Bxg7+ Kxg7 29.Nxg5 f2
30.Ne4 Rd5 31.Qf1 Rf5 32.Nxf2 Nf6 33.Qe1 g5 34.Kb2 h5 35.Qg1 Kg6 36.Qg3 Ne5
37.h4 Nfg4 38.Ne4 Rf3 39.Qe1 Re3 40.Qb4 gxh4 41.Nd6 h3 42.Qxb7 h2 43.Qa8 Re1
44.Qg8+ Kf6 45.Qd8+ Ke6 46.Ne8 Kf5 47.Nd6+ Kf4 48.Nxf7 h1=Q  0-1

[Event "15th ch-SLO w"]
[Site "Ptuj SLO"]
[Date "2005.08.13"]
[Round "2"]
[White "Ursic,M"]
[Black "Novak,Ks"]
[Result "0-1"]
[WhiteElo "2036"]
[BlackElo "2164"]

1.e4 g6 2.d4 Bg7 3.Nc3 c5 4.d5 d6 5.f4 Na6 6.Nf3 Nc7 7.Be2 Nf6 8.O-O O-O
9.Be3 Rb8 10.h3 b5 11.e5 Nd7 12.Ne4 Nb6 13.e6 Nbxd5 14.exf7+ Rxf7 15.Bd2 Nxf4
16.Nfg5 Nxe2+ 17.Qxe2 Rxf1+ 18.Rxf1 Be6 19.Nxe6 Nxe6 20.Qg4 Qc8 21.Qh4 Qd7
22.Bg5 Nxg5 23.Nxg5 h6 24.Nf7 Rf8 25.Nxh6+ Bxh6 26.Qxh6 Rxf1+ 27.Kxf1 Qf5+
28.Kg1 Qxc2 29.h4 Qf5 30.Qe3 e6 31.Qa3 Qb1+ 32.Kh2 Qe4 33.Qxa7 Qxh4+ 34.Kg1 Qe1+
35.Kh2 Qe5+ 36.Kh3 c4 37.Qb8+ Kg7 38.Qc7+ Kh6 39.Qb8 Qxb2 40.Qf8+ Kg5 41.Qe7+ Qf6
42.Qxd6 Qf5+ 43.Kg3 Qd3+  0-1